LEADER 01023nam0-2200289 --450 001 9910875099703321 005 20240801125612.0 100 $a20240801d1985----kmuy0itay5050 ba 101 0 $aita 102 $aIT 105 $a 001yy 200 1 $aStoria della filosofia e filosofia della prassi$eteoria e prassi della previsione nei Quaderni di A. Gramsci$fNicola Panichi 210 $aUrbino$cUniversità degli studi$dstampa 1985 215 $a95 p.$d22 cm 225 1 $aPubblicazioni dell'Università di Urbino. Serie di filosofia, pedagogia, psicologia$v5 312 $aTit. in cop. 517 1 $aAntonio Gramsci: storia della filosofia e filosofia 610 0 $aGramsci, Antonio . Quaderni del carcere 676 $a335.4$v11 700 1$aPanichi,$bNicola$0169781 801 0$aIT$bUNINA$gREICAT$2UNIMARC 901 $aBK 912 $a9910875099703321 952 $aDAM C35 GRAA/S 12$b2024/7173$fFLFBC 959 $aFLFBC 996 $aStoria della filosofia e filosofia della prassi$9631126 997 $aUNINA